000 00374nam a2200157Ia 4500
008 191201s2008 xx 000 0 und d
020 _a9788120304093
082 _a004.256
_bLIM
100 _aLIU, Yu Chaug
245 0 _aMicrocomputer Systems the 8086/8088 Family
250 _aRep.
260 _aN.Delhi
_bPHI
_c2008
300 _a623
650 _aMCA
942 _2ddc
_cBK
999 _c3705
_d3705